Представление документа в формате RUSMARC

ПолеНазваниеЗначение
  Тип записи a
  Библиографический уровень m
001 Контрольный номер 97750175ca2244bb9ddd37ddc6f4dd67
005 Дата корректировки 20140708101445.5
010 Индекс ISBN __
a ISBN 5-94462-239-3
200 Заглавие и сведения об ответственности 1_
a Заглавие Разработка документации для пользователей прикладных программ
e Сведения, относящиеся к заглавию Лекция
f Первые сведения об ответственности Моск.ун-т потреб.кооп.Каф.информ.систем в экономике
210 Выходные данные 1_
a Место издания М.
c Издательство Маркетинг
d Дата издания 2002
215 Физическое описание __
a Объем 16 с.
610 Ключевые слова 0_
a Ключевые слова информатика
610 Ключевые слова 0_
a Ключевые слова документооборот
610 Ключевые слова 0_
a Ключевые слова лекция
610 Ключевые слова 0_
a Ключевые слова КАФ. ИНФОРМ. СИСТЕМ В ЭКОНОМ
686 Индексы других классификаций __
a Классификационный индекс 32.973.2я73
2 Код системы rubbk
700 Автор _1
a Фамилия Бухаров М.Н.
801 Источник записи _0
a Страна RU
b Организация РУК
c Дата составления 20030121
g Правила каталогизации PSBO
801 Источник записи _1
a Страна RU
b Организация РУК
c Дата составления 20030121
g Правила каталогизации PSBO
852 Данные о местонахождении __
i Авторский знак Б94
j Шифр хранения ББК 32
901 Тип документа __
t Тип документа m
912 Принадлежность преподавателя к РУК __
a Принадлежность преподавателя к РУК Преподаватель Головного вуза
938 Служебная информация __
a Название организации Головной вуз
b Имя БД BOOK
c Название АИБС АИБС ИРБИС